[Event "15th London Classic Open"]
[Site "London ENG"]
[Date "2025.12.03"]
[Round "9.4"]
[White "Iniyan, Pa"]
[Black "Pranav, Anand"]
[Result "1/2-1/2"]
[WhiteTitle "GM"]
[BlackTitle "GM"]
[WhiteElo "2601"]
[BlackElo "2581"]
[WhiteFideId "25002767"]
[BlackFideId "46626786"]
[EventDate "2025.11.27"]

1. d4 Nf6 2. c4 e6 3. Nc3 Bb4 4. Qc2 O-O 5. a3 Bxc3+ 6. Qxc3 d5 7. Nf3 b6 8. Bg5
dxc4 9. Qxc4 Ba6 10. Qa4 h6 11. Bh4 c5 12. dxc5 bxc5 13. e3 Bxf1 14. Rxf1 Nbd7
15. Ke2 Qb6 16. Rab1 Qb7 17. Rfd1 Rfc8 18. Kf1 c4 19. Kg1 Nd5 20. Bg3 c3 21.
bxc3 N7b6 22. Be5 Nxc3 23. Bxc3 Rxc3 24. Qb4 Rac8 25. Nd4 R3c4 26. Qa5 R8c5 27.
Rb5 Rc1 28. Qd2 Rxd1+ 29. Qxd1 Qd5 30. Rxc5 Qxc5 31. Nc2 Qc3 32. Qb1 Nc4 33. g3
Qd3 34. a4 a5 35. Qb8+ Kh7 36. Qb1 f5 37. Qc1 e5 38. Ne1 Qe2 39. Nf3 Qd3 40. Ne1
Qe2 41. Nf3 Nb2 42. Kg2 Qxf2+ 43. Kxf2 Nd3+ 44. Kg2 Nxc1 45. Nxe5 Nb3 46. Kf3
Nc5 47. Nc4 Nxa4 48. Nxa5 1/2-1/2

[Event "15th London Classic Open"]
[Site "London ENG"]
[Date "2025.12.03"]
[Round "9.5"]
[White "Chasin, Nico"]
[Black "Yuffa, Daniil"]
[Result "1/2-1/2"]
[WhiteTitle "IM"]
[BlackTitle "GM"]
[WhiteElo "2512"]
[BlackElo "2618"]
[WhiteFideId "30908477"]
[BlackFideId "24131423"]
[EventDate "2025.11.27"]

1. e4 c6 2. d4 d5 3. exd5 cxd5 4. Nf3 Nc6 5. c4 Nf6 6. Nc3 Be6 7. c5 Bg4 8. Bb5
Bxf3 9. Qxf3 e6 10. Bf4 Nd7 11. Bxc6 bxc6 12. O-O g5 13. Be3 Bg7 14. Qg3 h6 15.
f4 Qb8 16. Ne2 Nf6 17. fxg5 hxg5 18. Bxg5 Ne4 19. Qxb8+ Rxb8 20. Bc1 Rb4 21. Rd1
Rc4 22. Be3 Rc2 23. Nc3 Rh4 24. Rdc1 Rxb2 25. Rab1 Rxb1 26. Nxb1 Nf6 27. Nd2 Nd7
28. Nb3 e5 29. Bf2 Rh6 30. dxe5 Nxe5 31. Rb1 Nd3 32. Bd4 Be5 33. Bxe5 Nxe5 34.
Na5 Kd7 35. Rb7+ Ke6 36. Nb3 Rh4 37. Rxa7 d4 38. Ra8 Kd5 39. g3 Rg4 40. Kf2 d3
41. h3 Rg6 42. Re8 Rf6+ 43. Kg2 Rh6 44. g4 f6 45. Rd8+ Kc4 46. Rd6 Kc3 47. g5
Rh8 48. Rxf6 d2 49. Nxd2 1/2-1/2

[Event "15th London Classic Open"]
[Site "London ENG"]
[Date "2025.12.03"]
[Round "9.6"]
[White "Fodor, Tamas Jr."]
[Black "Jumabayev, Rinat"]
[Result "1-0"]
[WhiteTitle "GM"]
[BlackTitle "GM"]
[WhiteElo "2508"]
[BlackElo "2560"]
[WhiteFideId "723762"]
[BlackFideId "13702661"]
[EventDate "2025.11.27"]

1. d4 Nf6 2. c4 g6 3. Nc3 Bg7 4. e4 d6 5. Be2 O-O 6. Be3 a5 7. g4 Nc6 8. g5 Nd7
9. d5 Nb4 10. Nf3 e6 11. h4 exd5 12. cxd5 Re8 13. Nd4 c6 14. a3 Na6 15. dxc6
Ndc5 16. Ndb5 Re6 17. c7 Qf8 18. f3 Bd7 19. Bc4 Re7 20. Nxd6 Ne6 21. Nd5 Naxc7
22. Nf6+ Kh8 23. h5 h6 24. Qd2 Ba4 25. Ng4 Rd7 26. gxh6 Qxd6 27. hxg7+ Kxg7 28.
hxg6 Qg3+ 29. Qf2 Qxf2+ 30. Kxf2 1-0

[Event "15th London Classic Open"]
[Site "London ENG"]
[Date "2025.12.03"]
[Round "9.7"]
[White "Sanal, Vahap"]
[Black "Mikhalevski, Victor"]
[Result "1/2-1/2"]
[WhiteTitle "GM"]
[BlackTitle "GM"]
[WhiteElo "2546"]
[BlackElo "2504"]
[WhiteFideId "6300545"]
[BlackFideId "2801914"]
[EventDate "2025.11.27"]

1. d4 Nf6 2. Nf3 g6 3. Bg5 Bg7 4. c3 O-O 5. Nbd2 d6 6. e4 h6 7. Bf4 e5 8. dxe5
Nh5 9. Be3 dxe5 10. Bc4 Nd7 11. O-O Nb6 12. Bb3 Nd7 13. Ne1 Qe7 14. Nd3 a5 15.
a4 Rd8 16. Qe2 Nf8 17. Rfd1 Be6 18. Bc4 Re8 19. g3 Nd7 20. b4 Nhf6 21. f3 Nh7
22. bxa5 Rxa5 23. Nb3 Raa8 24. Bxe6 Qxe6 25. Ndc5 Nxc5 26. Nxc5 Qc8 27. a5 Bf8
28. Qb5 Bxc5 29. Qxc5 Re6 30. Kg2 Ng5 31. Bxg5 hxg5 32. Qe3 Rc6 33. Rd5 Qe6 34.
Rb5 b6 35. a6 g4 36. fxg4 Qc4 37. Rxe5 Qxc3 38. Qxc3 Rxc3 39. h4 Kf8 40. g5 Rd3
41. Rd5 Rc3 42. a7 Ke7 43. Rad1 Ra3 44. Re5+ Kf8 45. Rd7 R3xa7 46. Ree7 Ra2+ 47.
Kh3 Rf2 48. Rxc7 Rf3 49. Red7 Kg7 50. Rd2 Raa3 51. Rg2 b5 52. Kh2 b4 53. e5 Rae3
54. Rc8 b3 55. Rb8 Rd3 56. Rb7 Rde3 57. Rb8 Rd3 58. Kh3 Rfe3 59. Rb5 Kf8 60. Kh2
Kg7 61. Rg1 Rd2+ 62. Kh3 b2 63. Rg2 Ree2 64. Rxe2 Rxe2 65. Rb8 Kh7 66. g4 Rxe5
67. Rxb2 Re3+ 68. Kg2 Ra3 69. Rf2 Kg7 70. Rf3 Ra1 71. Re3 Rb1 72. Re5 Rb2+ 73.
Kf3 Rh2 74. Kg3 Rh1 75. Re2 Rg1+ 76. Rg2 Rh1 77. Rh2 Rg1+ 78. Kh3 Kg8 79. Rg2
Rh1+ 80. Kg3 Kg7 81. Rh2 Rg1+ 82. Kf3 Kg8 83. Rh3 Kg7 84. Kf4 Rf1+ 85. Rf3 Rh1 1/2-1/2

[Event "15th London Classic Open"]
[Site "London ENG"]
[Date "2025.12.03"]
[Round "9.8"]
[White "Kazarian, Anna-Maja"]
[Black "Greenfeld, Alon"]
[Result "1/2-1/2"]
[WhiteTitle "FM"]
[BlackTitle "GM"]
[WhiteElo "2224"]
[BlackElo "2465"]
[WhiteFideId "1033689"]
[BlackFideId "2800039"]
[EventDate "2025.11.27"]

1. e4 c5 2. Nf3 d6 3. d4 cxd4 4. Nxd4 Nf6 5. Nc3 Nc6 6. Bg5 e6 7. Bb5 Bd7 8. Qd3
h6 9. Bh4 g5 10. Bg3 Ne5 11. Qe2 a6 12. Bxd7+ Nfxd7 13. O-O-O Qc7 14. h4 Rg8 15.
hxg5 hxg5 16. Rh7 Qc4 17. Qxc4 Nxc4 18. Nde2 Rc8 19. b3 Nce5 20. f3 b5 21. Rd4
Nc5 22. Kb1 Rb8 23. a4 b4 24. Nd1 g4 25. Bxe5 dxe5 26. Rd2 gxf3 27. gxf3 Be7 28.
Nf2 Rd8 29. Rxd8+ Bxd8 30. Ng4 Nxe4 31. Nxe5 Bf6 32. fxe4 Bxe5 33. Rh5 f6 34.
Kc1 Rg4 35. Rh8+ Kd7 36. Ra8 Rxe4 37. Kd2 f5 38. Kd3 Rh4 39. Ra7+ Bc7 40. Nd4
Rh3+ 41. Kd2 Rc3 42. Rxa6 Rc5 43. Kd3 e5 44. Nxf5 e4+ 45. Kxe4 Re5+ 46. Kd4 Rxf5
47. Kc4 Bd6 48. c3 bxc3 49. Kxc3 Rf4 50. Rb6 Bc5 51. Rb5 Kc6 52. b4 Bd6 53. Kb3
Rf3+ 54. Kc4 Rf1 55. Kc3 Rf3+ 56. Kc4 Rh3 57. Kd4 Ra3 58. Ra5 Bxb4 59. Ra6+ Kb7
60. Rg6 Rxa4 61. Kc4 Bd6+ 62. Kd5 Ra5+ 63. Ke4 Kc6 64. Re6 Ra1 65. Rg6 Ra4+ 66.
Kd3 Kd5 67. Rg8 Ra3+ 68. Kc2 Bc5 69. Rg4 Bd4 70. Kd2 Kc4 71. Ke2 Ra2+ 72. Kf3
Kd3 73. Rg8 Rf2+ 74. Kg3 Rf7 75. Re8 Be3 76. Kg4 Ke2 77. Re5 Rf4+ 78. Kg5 Ra4+
79. Kf5 Kf3 80. Rb5 Rh4 81. Rd5 Rh8 82. Rd3 Rh5+ 83. Kg6 Ra5 84. Rd7 Bf4 85. Rb7
Kg4 86. Rb6 Rg5+ 87. Kf7 Kf5 88. Rf6+ Ke4 89. Re6+ Be5 90. Rg6 Rh5 91. Ke6 Rh4
92. Rg5 Rh6+ 93. Kf7 Kd5 94. Rg8 Ra6 95. Re8 Rf6+ 96. Ke7 Rh6 97. Rd8+ Bd6+ 98.
Kf7 Rh1 99. Kf6 Rf1+ 100. Kg5 Rf3 101. Kg4 Rf7 102. Kg5 Ke5 103. Kg4 Bc5 104.
Re8+ Be7 105. Ra8 Bc5 106. Re8+ Kd5 107. Kg5 Bd4 108. Kg4 Be5 109. Ra8 Ke4 110.
Ra4+ Bd4 111. Kg5 1/2-1/2

[Event "15th London Classic Open"]
[Site "London ENG"]
[Date "2025.12.03"]
[Round "9.9"]
[White "Gavrilescu, David"]
[Black "Kanyamarala, Tarun"]
[Result "1/2-1/2"]
[WhiteTitle "GM"]
[BlackTitle "IM"]
[WhiteElo "2542"]
[BlackElo "2376"]
[WhiteFideId "1227190"]
[BlackFideId "45004714"]
[EventDate "2025.11.27"]

1. e4 c5 2. Nf3 e6 3. d4 cxd4 4. Nxd4 Nc6 5. Nc3 d6 6. Be3 Nf6 7. Bc4 Bd7 8. Bb3
a6 9. a3 b5 10. f4 Be7 11. Qf3 Na5 12. e5 Nxb3 13. cxb3 dxe5 14. fxe5 Nd5 15.
Nxd5 exd5 16. O-O O-O 17. Qxd5 Rc8 18. Qe4 Bc5 19. Rad1 Qe7 20. b4 Bxd4 21. Bxd4
Qe6 22. Bc5 Bc6 23. Qf4 Qg6 24. Rd2 Rfd8 25. Bd6 Bb7 26. h3 h6 27. Kh2 Rc4 28.
Qe3 Rdc8 29. Bc5 Re4 30. Qf3 Qe6 31. Kg1 Bd5 32. Bd6 Rxe5 33. Qxf7+ Qxf7 34.
Rxf7 Re1+ 35. Kf2 Kxf7 36. Kxe1 Rc1+ 37. Kf2 Be4 38. Ke3 Rc2 39. Rxc2 Bxc2 40.
Kd4 Ke6 41. Kc5 h5 42. h4 g6 43. g3 Bd1 44. Bf4 Bc2 45. Kb6 Kd5 46. Kxa6 Kc6 47.
Be3 Bd1 48. Ka7 Bb3 49. Bd4 Bc2 50. Bf2 Bb3 51. Be3 Bc2 52. Kb8 Bf5 53. Bf2 Be6
54. Bc5 Bf5 55. Ka7 Bc2 56. Kb8 Bf5 57. b3 Bc2 58. a4 bxa4 59. bxa4 Bxa4 60. Kc8
Kb5 61. Kd7 Bc2 62. Ke6 Bf5+ 63. Kf6 Kc6 64. Kg5 Kb5 65. g4 Bxg4 66. Kxg6 Bd1
67. Kg5 Bg4 68. Bd4 1/2-1/2

[Event "15th London Classic Open"]
[Site "London ENG"]
[Date "2025.12.03"]
[Round "9.10"]
[White "Wadsworth, Matthew J"]
[Black "Maze, Sebastien"]
[Result "1-0"]
[WhiteTitle "GM"]
[BlackTitle "GM"]
[WhiteElo "2487"]
[BlackElo "2534"]
[WhiteFideId "415804"]
[BlackFideId "613762"]
[EventDate "2025.11.27"]

1. d4 Nf6 2. c4 g6 3. Nc3 Bg7 4. e4 d6 5. Be2 Nbd7 6. Be3 e5 7. Nf3 O-O 8. O-O
Re8 9. Qc2 Ng4 10. Bg5 Bf6 11. Bxf6 Ngxf6 12. Rad1 b6 13. dxe5 dxe5 14. Nd5 c6
15. Nxf6+ Qxf6 16. b4 c5 17. Qa4 Qe7 18. a3 Nf6 19. Nd2 Bd7 20. b5 Red8 21. Qc2
Be6 22. Nb3 h5 23. f3 a6 24. Rxd8+ Qxd8 25. a4 axb5 26. axb5 h4 27. Qb2 Qc7 28.
f4 Kg7 29. f5 Bc8 30. fxg6 fxg6 31. Nd2 h3 32. Nf3 hxg2 33. Kxg2 Bg4 34. Ng5 Qd7
35. Qxe5 Rf8 36. Bxg4 Qxg4+ 37. Kh1 Kh6 38. Qe7 Nxe4 39. Qxf8+ 1-0

[Event "15th London Classic Open"]
[Site "London ENG"]
[Date "2025.12.03"]
[Round "9.12"]
[White "Rozen, Eytan"]
[Black "Kovchan, Alexander"]
[Result "1/2-1/2"]
[WhiteTitle "IM"]
[BlackTitle "GM"]
[WhiteElo "2515"]
[BlackElo "2440"]
[WhiteFideId "2816750"]
[BlackFideId "14103052"]
[EventDate "2025.11.27"]

1. e4 e5 2. Nf3 Nf6 3. Nc3 Nc6 4. h3 Bb4 5. Bd3 Bxc3 6. dxc3 d6 7. Be3 h6 8. c4
Nd7 9. Qd2 a5 10. Ng1 Nc5 11. Ne2 Nxd3+ 12. cxd3 f5 13. f3 f4 14. Bf2 Qg5 15.
Rg1 Be6 16. Nc3 O-O 17. Nb5 Rf7 18. Ke2 Qd8 19. b3 Ne7 20. d4 c6 21. Nc3 d5 22.
cxd5 cxd5 23. dxe5 dxe4 24. Qxd8+ Rxd8 25. Nxe4 Rd5 26. Rgd1 Rxe5 27. Rd8+ Rf8
28. Rxf8+ Kxf8 29. Bd4 Rd5 30. Rd1 Kf7 31. Bc5 Rxd1 32. Kxd1 Nf5 1/2-1/2

[Event "15th London Classic Open"]
[Site "London ENG"]
[Date "2025.12.03"]
[Round "9.13"]
[White "Schmider, Niklas"]
[Black "Royal, Shreyas"]
[Result "1/2-1/2"]
[WhiteTitle "IM"]
[BlackTitle "GM"]
[WhiteElo "2423"]
[BlackElo "2495"]
[WhiteFideId "12993778"]
[BlackFideId "448869"]
[EventDate "2025.11.27"]

1. Nf3 Nf6 2. b3 c5 3. e3 g6 4. Bb2 Nc6 5. g3 Bg7 6. Bg2 d5 7. Ne5 O-O 8. c4 Qd6
9. Nxc6 bxc6 10. O-O e5 11. Nc3 Bg4 12. Qc1 e4 13. h3 Bf3 14. d4 cxd4 15. Ba3
Qe5 16. exd4 Qxd4 17. Bxf8 Rxf8 18. Bxf3 exf3 19. cxd5 Nh5 20. Rd1 Qe5 21. Rd3
Nxg3 22. Rxf3 Ne4 23. Nxe4 Qxe4 24. Re3 Qxd5 25. Qe1 Bxa1 26. Qxa1 Qg5+ 27. Rg3
Qd2 28. Qf6 c5 29. Qe5 Qd4 30. Rg5 Rd8 31. Qxc5 Qa1+ 32. Kg2 Qxa2 33. Rd5 Rxd5
34. Qxd5 Qa1 35. b4 Kg7 36. b5 h5 37. Qb7 Qd4 38. Qc6 f5 39. Qc7+ Kf6 40. Qc6+
Kg5 41. Kg1 f4 42. h4+ Kxh4 43. Qxg6 Qd1+ 44. Kh2 Qd2 45. Qf6+ Kg4 46. Qg7+ Kf3
47. Qxa7 Qd8 48. Qc5 Qh4+ 49. Kg1 Qg4+ 50. Kf1 Qh3+ 51. Ke1 Qe6+ 52. Kf1 Qh3+
53. Ke1 Qe6+ 54. Kf1 Qh3+ 55. Ke1 1/2-1/2

[Event "15th London Classic Open"]
[Site "London ENG"]
[Date "2025.12.03"]
[Round "9.14"]
[White "Travadon, Loic"]
[Black "Siva, Mahadevan"]
[Result "1/2-1/2"]
[WhiteTitle "IM"]
[BlackTitle "IM"]
[WhiteElo "2492"]
[BlackElo "2424"]
[WhiteFideId "26092131"]
[BlackFideId "25043153"]
[EventDate "2025.11.27"]

1. e4 c5 2. Nf3 d6 3. d4 cxd4 4. Nxd4 Nf6 5. Nc3 Nc6 6. Bc4 Qb6 7. Nb3 e6 8. Bf4
Ne5 9. Be2 Bd7 10. Qd2 Be7 11. O-O-O O-O 12. g4 Nexg4 13. Bxg4 Nxg4 14. Rhg1 e5
15. Nd5 Qd8 16. Nxe7+ Qxe7 17. Bg3 f5 18. Qxd6 Qxd6 19. Rxd6 Bc6 20. h3 Nf6 21.
Bxe5 Ne8 22. Nd4 Bxe4 23. f3 Rf7 24. Bxg7 Nxg7 25. fxe4 fxe4 26. Ne6 Re8 27.
Nxg7 Rxg7 28. Rxg7+ Kxg7 29. Rd7+ Kf6 30. Rxh7 Rd8 31. Rh4 Kf5 32. c3 b5 33. Kc2
a6 34. b3 Rd7 35. a4 bxa4 36. bxa4 a5 37. Rg4 Rd6 38. Rh4 Rd7 39. Rg4 Rd6 1/2-1/2

[Event "15th London Classic Open"]
[Site "London ENG"]
[Date "2025.12.03"]
[Round "9.15"]
[White "Bazakutsa, Svyatoslav"]
[Black "Vu Dinh, Adrien"]
[Result "1-0"]
[WhiteTitle "IM"]
[WhiteElo "2478"]
[BlackElo "2281"]
[WhiteFideId "14198525"]
[BlackFideId "45186995"]
[EventDate "2025.11.27"]

1. c4 Nf6 2. Nc3 g6 3. e4 d6 4. d4 Bg7 5. Nf3 O-O 6. h3 e5 7. d5 Nh5 8. g3 Na6
9. Be3 f5 10. exf5 gxf5 11. Qd2 f4 12. gxf4 Nxf4 13. O-O-O Bf5 14. Bxf4 exf4 15.
Bd3 Bxd3 16. Qxd3 Nc5 17. Qc2 Qf6 18. Rhg1 Kh8 19. Nb5 Qf5 20. Qxf5 Rxf5 21.
Nxc7 Rc8 22. Ne6 Nxe6 23. dxe6 Rxc4+ 24. Kb1 Bf8 25. Ng5 Kg7 26. Ne4+ Kh6 27.
Nxd6 Bxd6 28. Rxd6 Re5 29. e7+ Kh5 30. Rd5 1-0

[Event "15th London Classic Open"]
[Site "London ENG"]
[Date "2025.12.03"]
[Round "9.16"]
[White "Czopor, Maciej"]
[Black "Kanyamarala, Trisha"]
[Result "1-0"]
[WhiteTitle "IM"]
[BlackTitle "WIM"]
[WhiteElo "2463"]
[BlackElo "2149"]
[WhiteFideId "21805431"]
[BlackFideId "45004722"]
[EventDate "2025.11.27"]

1. e4 c5 2. Nf3 a6 3. c3 d5 4. exd5 Qxd5 5. d4 e6 6. c4 Qe4+ 7. Be2 cxd4 8. Qxd4
Bb4+ 9. Bd2 Qxd4 10. Nxd4 Bxd2+ 11. Nxd2 Nf6 12. f4 O-O 13. Bf3 Nbd7 14. O-O Nc5
15. Rab1 Nd3 16. Be2 Rd8 17. N2b3 e5 18. Bxd3 exd4 19. f5 Bd7 20. Rf4 Bc6 21.
Nxd4 Be4 22. Bxe4 Rxd4 23. Bxb7 Rxf4 24. Bxa8 Rxc4 25. b4 Rc7 26. a4 Nd7 27. b5
axb5 28. axb5 Nb6 29. Bc6 Kf8 30. Ra1 Rc8 31. Ra7 Rb8 32. g4 Nc8 33. Rd7 Ne7 34.
Be4 Ke8 35. Rb7 Rxb7 36. Bxb7 Kd7 37. Be4 f6 38. b6 Nc6 39. b7 Nb8 40. Kf2 Kd6
41. Ke3 Ke5 42. h4 h6 43. Bc2 Nd7 44. Ba4 Nb8 45. Bb5 Kd5 46. Kf4 Kc5 47. Bf1
Kc6 48. Bg2+ Kd6 49. g5 hxg5+ 50. hxg5 Nd7 51. Kg4 Ke5 52. Kh5 Kf4 53. gxf6 gxf6
54. Kg6 Ke5 55. Bc6 Nb8 56. Bb5 Kd6 57. Kxf6 Kc5 58. Ke7 Kxb5 59. f6 Nc6+ 60.
Kd6 Kb6 61. f7 1-0

[Event "15th London Classic Open"]
[Site "London ENG"]
[Date "2025.12.03"]
[Round "9.17"]
[White "Conquest, Stuart C"]
[Black "Bhagat Kush"]
[Result "1/2-1/2"]
[WhiteTitle "GM"]
[BlackTitle "FM"]
[WhiteElo "2521"]
[BlackElo "2381"]
[WhiteFideId "400181"]
[BlackFideId "46672940"]
[EventDate "2025.11.27"]

1. e4 c5 2. Nc3 e6 3. f4 d5 4. Nf3 Nf6 5. e5 Nfd7 6. g3 Nc6 7. Bg2 Be7 8. O-O
O-O 9. Kh1 Rb8 10. a4 a6 11. d4 b5 12. axb5 axb5 13. Be3 b4 14. Ne2 Bb7 15. Re1
Ra8 16. Rb1 Ba6 17. Bg1 Bxe2 18. Qxe2 Qb6 19. f5 Nxd4 20. Nxd4 cxd4 21. Rbd1 Bc5
22. Rd3 exf5 23. Qf3 Rae8 24. Qxd5 Nf6 25. Qc6 Qxc6 26. Bxc6 Re6 27. Bf3 Nd7 28.
Bxd4 Bxd4 29. Rxd4 Nxe5 30. Bd5 Nf3 31. Rxe6 Nxd4 32. Re7 Nxc2 33. Rc7 Ne3 34.
Bb3 g6 35. Kg1 Ng4 36. Rb7 Kg7 37. Rxb4 Rd8 38. Rb7 Rd2 39. Bxf7 Nxh2 40. b4
Nf3+ 41. Kf1 Kf6 42. Bc4 Nh2+ 43. Ke1 Nf3+ 44. Kf1 Kg5 45. Be2 Nd4 46. Rd7 h5
47. Rd6 Rxe2 48. Rxd4 Re6 49. b5 Rb6 50. Rb4 Kf6 51. Ke2 Ke5 52. Ke3 g5 53. Rb1
Kd5 54. Rf1 Rf6 55. Rh1 Rh6 56. b6 Kc6 57. Rf1 Re6+ 58. Kd3 Rd6+ 59. Ke3 Re6+
60. Kd3 Re5 61. Rb1 Kb7 62. Rh1 Ra5 63. Ke3 Ra3+ 64. Kf2 Ra2+ 65. Ke3 Ra3+ 66.
Kf2 g4 67. Rxh5 Rf3+ 68. Kg2 Kxb6 69. Rh1 Kc5 70. Rd1 Kc4 71. Rd8 Rd3 72. Rf8
Rd5 73. Kf2 Kd4 74. Re8 Ra5 75. Rd8+ Ke5 76. Re8+ Kf6 77. Rf8+ Ke6 78. Re8+ Kf6
79. Rf8+ Ke7 80. Rb8 Ra2+ 81. Ke3 Ra3+ 82. Kf4 Rf3+ 83. Ke5 Kf7 84. Rb6 Kg7 85.
Ra6 Rxg3 86. Kxf5 1/2-1/2

[Event "15th London Classic Open"]
[Site "London ENG"]
[Date "2025.12.03"]
[Round "9.18"]
[White "Grieve, Harry"]
[Black "Korshunov, Sergey And."]
[Result "1/2-1/2"]
[WhiteTitle "IM"]
[BlackTitle "FM"]
[WhiteElo "2491"]
[BlackElo "2377"]
[WhiteFideId "426520"]
[BlackFideId "34274715"]
[EventDate "2025.11.27"]

1. e4 e6 2. d4 d5 3. e5 c5 4. c3 Nc6 5. Nf3 Nge7 6. Na3 Bd7 7. Nc2 Qa5 8. Bd2
Qb6 9. Be2 cxd4 10. cxd4 Nf5 11. Bc3 Be7 12. Qd2 a5 13. a3 a4 14. Bd3 Nh4 15.
Nxh4 Bxh4 16. O-O f5 17. Kh1 Be7 18. f4 h5 19. Rf3 g6 20. Rb1 1/2-1/2

[Event "15th London Classic Open"]
[Site "London ENG"]
[Date "2025.12.03"]
[Round "9.19"]
[White "Flear, Glenn C"]
[Black "Willow, Jonah B"]
[Result "0-1"]
[WhiteTitle "GM"]
[BlackTitle "IM"]
[WhiteElo "2376"]
[BlackElo "2472"]
[WhiteFideId "400165"]
[BlackFideId "438804"]
[EventDate "2025.11.27"]

1. d4 d6 2. c4 e5 3. d5 a5 4. e4 Na6 5. Nc3 g6 6. h4 h5 7. g3 Bh6 8. Bxh6 Nxh6
9. Qd2 Nc5 10. O-O-O f5 11. Bg2 Bd7 12. Nh3 Qf6 13. f4 Ng4 14. Bf3 O-O 15. Bxg4
hxg4 16. Ng5 fxe4 17. Ncxe4 Nxe4 18. Nxe4 Qf5 19. Rde1 exf4 20. Rhf1 f3 21. Qh6
Rf7 22. Nf2 b5 23. Re4 Qh5 24. Qg5 Bf5 25. Rf4 Qxg5 26. hxg5 Re8 27. cxb5 Re2
28. Nxg4 Bxg4 29. Rxg4 f2 30. Rd4 Rfe7 31. a4 Re1+ 0-1

[Event "15th London Classic Open"]
[Site "London ENG"]
[Date "2025.12.03"]
[Round "9.20"]
[White "Magold, Filip"]
[Black "Wells, Peter K"]
[Result "1-0"]
[WhiteTitle "IM"]
[BlackTitle "GM"]
[WhiteElo "2465"]
[BlackElo "2321"]
[WhiteFideId "1254456"]
[BlackFideId "400327"]
[EventDate "2025.11.27"]

1. d4 Nf6 2. c4 e6 3. Nf3 b6 4. e3 Bb7 5. Bd3 d5 6. cxd5 exd5 7. O-O Bd6 8. b3
O-O 9. Bb2 Re8 10. Nc3 a6 11. Rc1 Nbd7 12. Ne2 Ne4 13. Nf4 Rc8 14. Re1 Qf6 15.
Nh5 Qe7 16. Qe2 g6 17. Ng3 Ra8 18. Rc2 h5 19. Rec1 h4 20. Nf1 h3 21. g3 c5 22.
Ne1 Ng5 23. Qg4 cxd4 24. Bxd4 Bc5 25. f4 Ne6 26. Nf3 Bc8 27. f5 Ng7 28. fxg6 Nf8
29. gxf7+ Qxf7 30. Qg5 Ne6 31. Qh6 Qxf3 32. Qh7+ Kf8 33. Bxg7+ Nxg7 34. Rf2 Rxe3
35. Rxc5 bxc5 36. Nxe3 1-0

[Event "15th London Classic Open"]
[Site "London ENG"]
[Date "2025.12.03"]
[Round "9.21"]
[White "Gasanov, Eldar"]
[Black "Coicev, Matei-Andrei"]
[Result "1-0"]
[WhiteTitle "GM"]
[BlackTitle "FM"]
[WhiteElo "2447"]
[BlackElo "2332"]
[WhiteFideId "14104466"]
[BlackFideId "1279688"]
[EventDate "2025.11.27"]

1. d4 d5 2. c4 e6 3. Nc3 Be7 4. Nf3 Nf6 5. Qc2 dxc4 6. e4 Nc6 7. e5 Nd5 8. Bxc4
Nb6 9. Bb5 Bd7 10. a3 Nb8 11. Be2 Bc6 12. O-O g5 13. Be3 Nd5 14. Ne4 Nf4 15.
Bxf4 gxf4 16. b4 Nd7 17. b5 Bd5 18. Nc3 Nb6 19. a4 Bxf3 20. Bxf3 Qxd4 21. a5 Nd7
22. Bxb7 Rd8 23. Bc6 Qxe5 24. Rad1 Bd6 25. b6 axb6 26. axb6 f3 27. g3 O-O 28.
bxc7 Rc8 29. Nb5 Nf6 30. Rxd6 Rxc7 31. Nxc7 Qxd6 32. Bxf3 Rc8 33. Qb2 e5 34. Nd5
Nxd5 35. Qd2 Rd8 36. Rd1 Qf6 37. Bxd5 Kg7 38. Qe3 Rd6 39. Qe4 h5 40. h4 1-0

[Event "15th London Classic Open"]
[Site "London ENG"]
[Date "2025.12.03"]
[Round "9.22"]
[White "Haydon, David L"]
[Black "Harvey, Marcus R"]
[Result "0-1"]
[WhiteTitle "FM"]
[BlackTitle "IM"]
[WhiteElo "2284"]
[BlackElo "2438"]
[WhiteFideId "415405"]
[BlackFideId "400092"]
[EventDate "2025.11.27"]

1. d4 Nf6 2. c4 e6 3. Nf3 Bb4+ 4. Bd2 Qe7 5. Nc3 O-O 6. Qc2 d6 7. a3 Bxc3 8.
Bxc3 Nc6 9. e3 e5 10. b4 Re8 11. d5 Nb8 12. e4 Nh5 13. g3 g6 14. Be2 f5 15. exf5
Bxf5 16. Qd2 Nf6 17. Bb2 Nbd7 18. Nh4 Bh3 19. Bf1 Bxf1 20. Kxf1 Nb6 21. Rc1 Rf8
22. Qe2 Rf7 23. Kg2 Raf8 24. Rhf1 Qd7 25. f4 Qg4 26. Qe3 Nh5 27. Kh1 Nxf4 28.
Rf3 Nfxd5 29. cxd5 Rxf3 30. Nxf3 Qxf3+ 31. Qxf3 Rxf3 32. Rxc7 Nxd5 33. Rc8+ Kf7
34. Kg2 Rb3 35. Bc1 Rc3 36. Rxc3 Nxc3 37. Kf3 Ke6 38. Bb2 Na4 0-1

[Event "15th London Classic Open"]
[Site "London ENG"]
[Date "2025.12.03"]
[Round "9.23"]
[White "Xian, Junhao"]
[Black "Wang, Hao(ZJ)"]
[Result "0-1"]
[BlackTitle "IM"]
[WhiteElo "2166"]
[BlackElo "2424"]
[WhiteFideId "8607621"]
[BlackFideId "8631859"]
[EventDate "2025.11.27"]

1. d4 Nf6 2. c4 e6 3. Nf3 d5 4. Bg5 dxc4 5. Nc3 a6 6. a4 c5 7. e3 cxd4 8. exd4
Qc7 9. Qe2 Nc6 10. Qxc4 Be7 11. Bd3 Bd7 12. O-O Rc8 13. Bxf6 gxf6 14. Rad1 Nb4
15. Qb3 Nxd3 16. Rxd3 Qc4 17. Qd1 Bb4 18. b3 Qc7 19. Ne4 Qf4 20. Re3 Kd8 21. d5
e5 22. Qd3 Re8 23. Ng3 Rc3 24. Qe2 Rxe3 25. fxe3 Bc5 26. Nd4 Qxe3+ 27. Qxe3 Bxd4
28. Qxd4 exd4 29. Rd1 Re3 30. b4 Bxa4 31. Rxd4 Bc2 32. Kf2 Re5 33. Ne2 Kd7 34.
Nc3 Kd6 35. Rh4 Re7 36. Rf4 Rc7 37. Rxf6+ Ke5 38. Rf3 Kd4 39. d6 Rd7 40. Ke1 Bg6
41. Ne2+ Kd5 42. Nf4+ Kc4 43. Nxg6 fxg6 44. Rf4+ Kc3 45. g4 Rxd6 46. Rf7 b5 47.
Rxh7 Kxb4 48. h4 a5 49. h5 gxh5 50. gxh5 a4 51. h6 a3 52. Rh8 a2 53. Ra8 Rxh6
54. Rxa2 Rh1+ 55. Kd2 Rh2+ 56. Kd3 Rxa2 0-1

[Event "15th London Classic Open"]
[Site "London ENG"]
[Date "2025.12.03"]
[Round "9.24"]
[White "Tulchynskyi, Feliks"]
[Black "Han, Qixiang"]
[Result "1-0"]
[WhiteTitle "IM"]
[WhiteElo "2409"]
[BlackElo "2104"]
[WhiteFideId "34127895"]
[BlackFideId "496952"]
[EventDate "2025.11.27"]

1. e4 c5 2. c3 d5 3. exd5 Qxd5 4. d4 g6 5. Nf3 Bg7 6. Nbd2 Nf6 7. Bc4 Qd6 8. O-O
cxd4 9. Nxd4 O-O 10. N2f3 a6 11. a4 e5 12. Nf5 Qc7 13. Ne3 e4 14. Nd2 Nbd7 15.
Nd5 Qd6 16. Re1 Qe5 17. f4 Qb8 18. Nxe4 Nxe4 19. Rxe4 Nf6 20. Re1 Nxd5 21. Bxd5
a5 22. Be3 Be6 23. Bxe6 fxe6 24. Qd7 Ra6 25. Rad1 Bf6 26. Qb5 Rf7 27. Rd2 Rd6
28. Qxa5 Rxd2 29. Bxd2 Qd6 30. Be3 e5 31. fxe5 Bxe5 32. Bh6 Re7 33. Qa8+ Kf7 34.
Qf8+ Ke6 35. Bf4 Kd7 36. Bxe5 Qd5 37. Qf4 1-0